01543nam a22003255a 4500003000900000005001700009008004100026020001500067020001900082040004300101082001700144100004300161245006400204250003400268264005700302300004400359336002600403337002800429338002700457490004300484504005200527520034900579650003600928651001000964653002700974655002401001942002501025999001701050952015001067EG-ScBUE20220428101551.0160804s1985 enka f b 001 0 eng d a0582553792 a9780582553798  aEG-ScBUEbengerdacEG-ScBUEdEG-ScBUE04222a415bCOU1 940652aCoulthard, Malcolm‏,eauthor.13aAn introduction to discourse analysis /cMalcolm Coulthard. aSecond edition,bNew edition. 1aHarlow, England :bPearson Education Limited,c1985. ax, 216 pages :billustrations ;c22 cm. 2rdacontentatextbtxt 2rdamediaaunmediatedbn 2rdacarrieravolumebnc0 aApplied linguistics and language study aIncludes bibliographical references and index.  a The central concern of this book is the analysis of verbal interaction or discourse. The first six chapters evaluate theoretical advances in the description of discourse. The final chapters demonstrate how the findings of discourse analysis can investigate second-language teaching and first-language acquisition and to analyse literary texts. 7aDiscourse analysis.2BUEsh9776 2BUEsh cAugust 2016 bHHUUEENN vReading book934232 2ddce22k415 COUcBB c22115d22087 00102ddc40708BaccahaMAINbMAINc2NDd2016-08-04ePurchaseg479.00h25868l0o415 COUp000033113r2025-07-15 00:00:00v599.00w2016-08-04yBB